Sports Quiz

Random Sports or Olympics Quiz

Three Letter Sport A-Z Quiz Stats

 Plays Quiz not verified by Sporcle

Score 0/26 Timer 03:00
1 Play Today
Clue Word % Correct
The 'Greatest' boxerAli
99.1%
___ trick (three successes)Hat
91.9%
Ryder Cup: Europe vs ___USA
90.9%
Boxing punchJab
88.8%
___ and ballBat
85.3%
___ ManningEli
85%
F1 servicing and refueling areaPit
84.2%
Athletics starting weaponGun
79.8%
Norton or Griffey Jr.Ken
77.9%
Zero sportinglyNil
75.3%
NBA's Phil Jackson the '___ Master'Zen
71.8%
Olympics Games governing bodyIOC
70.3%
Chicago baseball playerCub
69.3%
Clue Word % Correct
Tennis point to be replayedLet
67.5%
Sport's replacementSub
67.3%
Orienteering essential Map
65.3%
Red Sox Carl Yastrzemski's nicnameYaz
52.8%
Marino, Unitas and RoethlisbergerQBs
52.6%
A score in rugbyTry
50.9%
US female professional golfing prodigyWie
45.8%
The ___Olympiad MontréalXXI
41.5%
What Steve Redgrave didRow
41.1%
Canadian ice hockey ('Number 4')Orr
39.5%
Judo gradeDan
37.7%
Richards (cricket) or Anderson (soccer)Viv
34%
Winter sports governing bodyFIS
10.9%

You're not logged in!

Compare scores with friends on all Sporcle quizzes.
OR
Log In

Show Comments

Extras

Top Quizzes Today


Score Distribution

Your Account Isn't Verified!

In order to create a playlist on Sporcle, you need to verify the email address you used during registration. Go to your Sporcle Settings to finish the process.

Report this User

Report this user for behavior that violates our Community Guidelines.

Details: